| 000 | 00577nab a2200169Ia 4500 | ||
|---|---|---|---|
| 003 | ES-SlBCS | ||
| 005 | 20210601142612.0 | ||
| 008 | 140529s2003 xxu||||| |||| 00| 0 spa d | ||
| 041 | _aspa | ||
| 100 | 1 |
_aSturm, Matthew _9273654 |
|
| 245 | 0 | 0 |
_aFusión en el norte _c Matthew Sturm, Donald K. Perovich, Mark C. Serreze |
| 650 | 0 | 4 |
_aHielos Marinos-Glaciares _9273655 |
| 700 | 1 |
_aPerovich, Donald K _9273656 |
|
| 700 | 1 |
_aSerreze, Mark C. _9273657 |
|
| 773 | 0 |
_tInvestigacion y Ciencia (Traducción de: Scientific American) _gnº. 327, 2003, págs. 22-29 _wRev1650 |
|
| 942 | _cAR | ||
| 999 |
_c679332 _d679332 |
||